|
|
|
|
| LEADER |
00000cam a2200000 7i4500 |
| 001 |
0000012107 |
| 005 |
20080130.0 |
| 020 |
|
|
|a 9834244843
|
| 090 |
0 |
0 |
|a 306.81
|b MOH
|
| 100 |
0 |
|
|a Mohd Fadzilah Kamsah, Dato', 1951-
|
| 245 |
1 |
0 |
|a Menempuh gerbang perkahwinan
|c Dato' Mohd Fadzilah Kamsah, Muhammad Zakaria,Zarina Sarudin
|
| 260 |
|
|
|a Kuala Lumpur :
|b Telaga Biru ,
|c 2005
|
| 440 |
|
|
|a Motivasi Rumahtangga
|
| 500 |
|
|
|a Mengandungi 104 muka surat berwarna
|
| 650 |
|
0 |
|a Husband and wife
|
| 650 |
|
0 |
|a Marriage
|
| 650 |
|
0 |
|a Marriage-Religious aspects-Islam
|
| 700 |
1 |
|
|a Muhammad Zakaria, 1955-
|
| 700 |
1 |
|
|a Zarina Sarudin, 1983-
|
| 999 |
|
|
|a 0001004425
|b Book
|c Adult Collection
|e Perbadanan Perpustakaan Awam Johor
|
| 999 |
|
|
|a 0001004426
|b Book
|c Adult Collection
|e Perbadanan Perpustakaan Awam Johor
|
| 999 |
|
|
|a 0001004428
|b Book
|c Adult Collection
|e Cawangan Mersing
|
| 999 |
|
|
|a 0001004429
|b Book
|c Adult Collection
|e Perbadanan Perpustakaan Awam Johor
|
| 999 |
|
|
|a 0001010706
|b Book
|c Adult Collection
|e Cawangan Pontian
|
| 999 |
|
|
|a 0001010707
|b Book
|c Adult Collection
|e Cawangan Mersing
|
| 999 |
|
|
|a 0001010708
|b Book
|c Adult Collection
|e Cawangan Bandar Tenggara
|
| 999 |
|
|
|a 0001026278
|b Book
|c Adult Collection
|e Cawangan Pontian
|